000 01532nam a22003374a 4500
001 36898
003 BD-RjUL
005 20211209052544.0
008 140922s2010 mauab b 001 0 eng
020 _a9780763766221 (pbk.)
020 _a0763766224 (pbk.)
035 _a(OCoLC)ocn317249580
040 _aDNLM/DLC
_cDLC
_dYDX
_dBTCTA
_dNLM
_dYDXCP
_dDLC
_dBD-RjUL
_beng
041 _aeng
060 0 0 _a2009 J-468
060 1 0 _aWA 950
_bM571i 2010
082 0 0 _a614.4
_222
_bMEI 2010
100 1 _aMerrill, Ray M.
_9112631
245 1 0 _aIntroduction to epidemiology /
_c Ray M. Merrill
250 _a5th ed. /
260 _aSudbury, Mass. :
_bJones and Bartlett Publishers,
_cc2010.
300 _axi, 417 p. :
_bill., maps ;
_c26 cm.
504 _aIncludes bibliographical references and index.
505 0 _aFoundations of epidemiology -- Historical developments in epidemiology -- Practical disease concepts in epidemiology -- Design strategies and statistical methods used in descriptive epidemiology -- Descriptive epidemiology according to person, place, and time -- General health and population indicators -- Design strategies and statistical methods used in analytic epidemiology -- Experimental studies in epidemiology -- Causal inference -- Field epidemiology -- Chronic disease epidemiology -- Clinical epidemiology.
650 0 _aEpidemiology.
_9112632
650 1 2 _aEpidemiologic Methods.
_9112633
650 2 2 _aEpidemiology.
_9112634
942 _2ddc
_cBK
999 _c36898
_d36898